[Event "Santiago Writers Club"]
[Site "Santiago de Chile"]
[Date "2011.05.04"]
[Round "7.3"]
[White "Rubio Fuentes, Rodrigo"]
[Black "Caceres Vasquez, Sergio"]
[Result "0-1"]
[WhiteElo "1895"]
[BlackElo "2177"]
[PlyCount "116"]
[EventDate "2011.04.18"]
[EventType "tourn"]
[EventRounds "11"]
[EventCountry "CHI"]
[SourceTitle "EXT 2024"]
[Source "ChessBase"]
[SourceDate "2023.10.10"]
[SourceVersion "1"]
[SourceVersionDate "2023.10.10"]
[SourceQuality "1"]

1. b4 e5 2. Bb2 Bxb4 3. Bxe5 Nf6 4. Nf3 Nc6 5. Bb2 d5 6. e3 0-0 7. Be2 Re8 8. 0-0 Bg4 9. h3 Bh5 10. d3 Qd6 11. Nbd2 Bc5 12. a4 Qe7 13. Nb3 Bd6 14. Nfd4 Qe5 15. g3 Bxe2 16. Qxe2 Nxd4 17. Bxd4 Qf5 18. Kg2 Nd7 19. Qf3 Qe6 20. Qg4 Qxg4 21. hxg4 c5 22. Bb2 h6 23. Rae1 Re6 24. f4 Rae8 25. Kf3 b6 26. Nd2 f6 27. e4 dxe4+ 28. Rxe4 Nb8 29. Rfe1 Kf7 30. Rxe6 Rxe6 31. Rxe6 Kxe6 32. Ne4 Be7 33. f5+ Kd5 34. Nc3+ Kc6 35. Ke4 Bd6 36. Ne2 Nd7 37. d4 a6 38. d5+ Kc7 39. Nf4 Bxf4 40. gxf4 b5 41. axb5 axb5 42. g5 h5 43. Kf3 Kd6 44. Kg3 Kxd5 45. Kh4 Ke4 46. Kxh5 Kxf5 47. Bc1 Nf8 48. Be3 Ne6 49. gxf6 gxf6 50. Kh4 Ke4 51. Bd2 Nxf4 52. Kg4 f5+ 53. Kg3 Ne2+ 54. Kf2 Nd4 55. c3 Nf3 56. Bc1 Ne5 57. Ba3 Nd3+ 58. Ke2 b4 0-1